Personnalités politiques de premier plan 2024 - Statistiques

Statistiques générales
  • Ce quiz a été pris 381 fois
    168 depuis la dernière actualisation
  • Le résultat moyen est 9 sur 20
Statistiques - réponses
Hint Réponse % Correct
Candidate RN à l'élection présidentielle 2022, députée du Pas de Calais Marine Le Pen
98%
Premier ministre Gabriel Attal
84%
Présidente du groupe LFI à l'Assemblée nationale Mathilde Panot
78%
Président du Nouveau Parti Anticapitaliste Philippe Poutou
78%
Présidente de l'Assemblée Nationale Yael Braun Pivet
75%
Ministre de la Culture, Maire du 7e arrondissement de Paris Rachida Dati
66%
Fondateur du mouvement La Convention et ex Premier ministre (2017) Bernard Cazeneuve
50%
Député Picardie Debout de la Somme, réalisateur et journaliste François Ruffin
50%
Membre du Conseil constitutionnel, ancien maire de Bordeaux Alain Juppé
49%
Ministre des Affaires Étrangères, Secrétaire général de Renaissance Stéphane Séjourné
49%
Ex-candidate à l'élection prés. 2022 divers gauche. Ex Garde des Sceaux Christiane Taubira
47%
Maire de Perpignan (RN) Louis Aliot
43%
Président du groupe Les Républicains au Sénat Bruno Retailleau
40%
Président du groupe communiste à l'Assemblée nationale André Chassaigne
34%
Premier Président de la Cour des comptes Pierre Moscovici
25%
Député européen Reconquête, Ex député LR du Loir et Cher Guillaume Peltier
24%
Présidente du groupe écologiste à l'Assemblée nationale Cyrielle Chatelain
19%
Président de la région Nouvelle Aquitaine (PS) Alain Rousset
12%
Maire de Montpellier (PS) Michael Delafosse
10%
Maire de Strasbourg (Les Verts) Jeanne Barseghian
6%
Aucun quiz correspondant
Distribution des résultats
% des personnes avec chaque résultat
Percentile par nombre de réponses
Votre historique - résultats
Vous n’avez pas pris ce quiz depuis la dernière actualisation